| 000 | nam a22 7a 4500 | ||
|---|---|---|---|
| 999 |
_c28969 _d28969 |
||
| 008 | 170829b xxu||||| |||| 00| 0 eng d | ||
| 050 | _aREF PE 1625 .D53 2002 | ||
| 100 | _d2002. | ||
| 245 | _aDictionary/ | ||
| 260 | _c2002. | ||
| 300 |
_a606p.: _bill.; _c19cm. |
||
| 521 | _aIncludes index. | ||
| 942 |
_2lcc _cREF_BOOK _hREF PE 1625 .D53 2002 |
||